000 00532nam a2200181Ia 4500
008 240729s9999 xx 000 0 und d
022 _a1806-9061
245 0 _aBrazilian Journal of Poultry Science
260 _aBrazil
260 _bFundação APINCO de Ciência e Tecnologia Avícolas
650 _a Animal culture
650 _a Veterinary medicine | Science
650 _a Zoology
650 _aAgriculture
856 _uhttps://doaj.org/toc/c15c3d03a84543e19dbbb86134724ae3
942 _2ddc
942 _cDOAJEJ
999 _c70601
_d70601
945 _a1
_bMadushi Gamage
_c1
_dMadushi Gamage